书目信息 |
| 题名: |
印度通史
|
|
| 作者: | 辛哈 , 班纳吉 著 ;张若达 , 冯金辛 译 | |
| 分册: | 第一册 | |
| 出版信息: | 北京 商务印书馆 1973.9 |
|
| 页数: | 271页 | |
| 开本: | 19cm | |
| 丛书名: | ||
| 单 册: | ||
| 中图分类: | K351.0 | |
| 科图分类: | ||
| 主题词: | 南亚--历史 | |
| 电子资源: | ||
| ISBN: | ||
| 000 | 00684nam0 2200229 45 | |
| 001 | 0212170966 | |
| 005 | 20031219104102.2 | |
| 010 | @dCNY3.50 | |
| 100 | @a20021217d1973 km y0chiy0120 ea | |
| 101 | 0 | @achi |
| 105 | @a z 000yy | |
| 200 | 1 | @a印度通史@AYin Du Tong Shi@h第一册@f(印度)恩·克·辛哈,阿·克·班纳吉著@F(Yin Du)En·Ke·Xin Ha,A·Ke·Ban Na Ji Zhu@g张若达,冯金辛译 |
| 210 | @a北京@c商务印书馆@d1973.9 | |
| 215 | @a271页@d19cm | |
| 606 | 0 | @a南亚@x历史 |
| 690 | @aK351.0@v3 | |
| 701 | 0 | @a辛哈@4著 |
| 701 | 0 | @a班纳吉@4著 |
| 702 | 0 | @a张若达@AZhang Ruo Da@4译 |
| 702 | 0 | @a冯金辛@AFeng Jin Xin@4译 |
| 801 | @aCN@bTSTC@c20021217 | |
| 905 | @f1@b219143@dK351.0@e9:1 | |
| 印度通史.第一册/(印度)恩·克·辛哈,阿·克·班纳吉著/张若达,冯金辛译.-北京:商务印书馆,1973.9 |
| 271页;19cm |
| ISBN :CNY3.50 |
| ● |
| 相关链接 |
|
|
|
|
正题名:印度通史
索取号:K351.0/9:1
 
预约/预借
| 序号 | 登录号 | 条形码 | 馆藏地/架位号 | 状态 | 备注 |
| 1 | 0219143 | 001749282 | 第二借阅区/ [索取号:K351.0/9:1] | 在馆 |